000 00763nam a2200229Ia 4500
005 20240530110957.0
008 140319s2009 xx 000 0 ara d
017 _bمصر. دار الكتب
020 _a9771441523
040 _aGCL /
_cGCL
082 0 4 _a812.043 /
_bل ا
_2الاولى
100 1 _aلينين الرملى
245 1 0 _aانا وشيطانى :
_bمسرحية /
_cتاليف لينين الرملى
250 _aالاولى
260 _aالقاهرة :
_bدار نهضة مصر للطبع والنشر ،
_c2009
300 _a207 ص ؛
_c20 سم
650 0 4 _aالمسرح
_2qrmak
650 0 4 _aلينين الرملى
_2qrmak
651 _2qrmak
942 _2ddc
_cBK
999 _c67106
_d67106